书目信息 |
| 题名: |
当代英语散文 : 阅读与欣赏= Contemporary English prose : reading and appreciation
|
|
| 作者: | 杨金才 , 舒奇志 , 张海榕 主编 | |
| 分册: | ||
| 出版信息: | 上海 上海外语教育出版社 2013.05 |
|
| 页数: | 274页 | |
| 开本: | 20cm | |
| 丛书名: | ||
| 单 册: | ||
| 中图分类: | H319.4-43 | |
| 科图分类: | ||
| 主题词: | 英语 | |
| 电子资源: | ||
| ISBN: | 978-7-5446-3310-9 | |
| 000 | 00826nam0 2200217 45 | |
| 001 | 2038363578 | |
| 005 | 20201103104101.64 | |
| 010 | @a978-7-5446-3310-9@dRMB 31.00 | |
| 100 | @a20201103d2013 km y0chiy0120 ea | |
| 101 | 0 | @achi |
| 102 | @aCN@b310000 | |
| 200 | 1 | @a当代英语散文 : 阅读与欣赏= Contemporary English prose : reading and appreciation@Adang dai ying yu san wen:yue du yu xin shang=Contemporary English prose:reading and appreciation@f杨金才, 舒奇志, 张海榕主编@Fyang jin cai,shu qi zhi,zhang hai rong zhu bian |
| 210 | @a上海@c上海外语教育出版社@d2013.05 | |
| 215 | @a274页@d20cm | |
| 606 | 0 | @a英语 |
| 690 | @aH319.4-43@v4 | |
| 701 | 0 | @a杨金才@Ayang jin cai@4主编 |
| 701 | 0 | @a舒奇志@Ashu qi zhi@4主编 |
| 701 | 0 | @a张海榕@Azhang hai rong@4主编 |
| 801 | 0 | @aCN@bPFT@c20201103 |
| 905 | @a10447@dH319.4-43@eY200 | |
| 当代英语散文 : 阅读与欣赏= Contemporary English prose : reading and appreciation/杨金才, 舒奇志, 张海榕主编.-上海:上海外语教育出版社,2013.05 |
| 274页;20cm |
| ISBN 978-7-5446-3310-9:RMB 31.00 |
| ● |
| 相关链接 |
|
|
|
正题名:当代英语散文 : 阅读与欣赏= Contemporary
索取号:H319.4-43/Y200
 
预约/预借
| 序号 | 登录号 | 条形码 | 馆藏地/架位号 | 状态 | 备注 |
| 1 | 1501511 | 215015114 | 语言库209/209语言库 51排4列4层/ [索取号:H319.4-43/Y200] | 在馆 |